| 000 -LEADER |
| fixed length control field |
00629cam a22002175i 4500 |
| 005 - DATE AND TIME OF LATEST TRANSACTION |
| control field |
20220315191243.0 |
| 008 - FIXED-LENGTH DATA ELEMENTS--GENERAL INFORMATION |
| fixed length control field |
160815s2017 nju 000 0 eng |
| 010 ## - LIBRARY OF CONGRESS CONTROL NUMBER |
| LC control number |
2016951186 |
| 020 ## - INTERNATIONAL STANDARD BOOK NUMBER |
| International Standard Book Number |
9781935677659 (alk. paper) |
| 040 ## - CATALOGING SOURCE |
| Original cataloging agency |
DLC |
| Language of cataloging |
eng |
| Description conventions |
rda |
| Transcribing agency |
DLC |
| 042 ## - AUTHENTICATION CODE |
| Authentication code |
pcc |
| 082 ## - DEWEY DECIMAL CLASSIFICATION NUMBER |
| Classification number |
720.95475 |
| Item number |
DES |
| 100 1# - MAIN ENTRY--PERSONAL NAME |
| Personal name |
Desai, Catherine. |
| 245 14 - TITLE STATEMENT |
| Title |
The architecture of Hasmukh C Patel : |
| Remainder of title |
selected projects 1963-2003 / |
| Statement of responsibility, etc |
Catherine Desai, Bomal Patel. |
| 250 ## - EDITION STATEMENT |
| Edition statement |
1st edition. |
| 263 ## - PROJECTED PUBLICATION DATE |
| Projected publication date |
1701 |
| 300 ## - PHYSICAL DESCRIPTION |
| Extent |
pages cm |
| 906 ## - LOCAL DATA ELEMENT F, LDF (RLIN) |
| a |
0 |
| b |
ibc |
| c |
orignew |
| d |
2 |
| e |
epcn |
| f |
20 |
| g |
y-gencatlg |
| 942 ## - ADDED ENTRY ELEMENTS (KOHA) |
| Source of classification or shelving scheme |
|
| 955 ## - COPY-LEVEL INFORMATION (RLIN) |
| Classification number, CCAL (RLIN) |
pc27 2016-08-15 |